TVORBA DIGITÁLNEHO MODELU TERÉNU NA PODKLADE FOTOGRAMETRICKÉHO VYHODNOTENIA LETECKÝCH MULTISPEKTRÁLNYCH SNÍMOK

Bibliographic Details
Main Authors: Žihlavník, Štefan, 1943- (Author), Chudý, František (Author)
Format: Article
Language:Slovak

MARC

LEADER 00000nab a2200000 a 4500
001 vtls011131737
003 SK-MaSNL
005 20260303225001.0
008 230222|1995 xo |||||||||||||||||slo|
015 |a SNBRB 
035 |a (uuid)936dad16-1f34-4ff8-afbb-7a40a8b782fc 
035 |a (urnnbn)urn:nbn:sk:snk:ar-a09lrg 
035 |a urn:nbn:sk:snk-aba9hk 
040 |a SNKBUCL  |b slo  |c SNKBUCL  |e AACR2 
041 0 |a slo 
044 |a xo  |c SK 
100 1 |a Žihlavník, Štefan,  |d 1943-  |4 aut  |9 98063 
245 1 0 |a TVORBA DIGITÁLNEHO MODELU TERÉNU NA PODKLADE FOTOGRAMETRICKÉHO VYHODNOTENIA LETECKÝCH MULTISPEKTRÁLNYCH SNÍMOK  |c Štefan Žíhlavník, František Chudý 
700 1 |a Chudý, František  |4 aut  |9 6232 
773 0 |t Acta Facultatis Forestalis Zvolen Czechoslovakia  |g Roč. 37, č. 37 (1995), s. 169-179 
954 |a odborná, vedecká literatúra pôvodná (slovenská)  |2 lita 
958 |a OND 
958 |a EUIPO 
958 |a article13 
999 |c 2255019  |d 2256949